Analýza flexibility účtovného obdobia v Slovenskej republike za obdobie 2011-2018
Uložené v:
| Hlavný autor: | |
|---|---|
| Ďalší autori: | , |
| Médium: | Kapitola |
| Jazyk: | English |
| Predmet: | |
| Tagy: |
Žiadne tagy, Buďte prvý, kto otaguje tento záznam!
|
MARC
| LEADER | 00000naa$a2200000$$$4500 | ||
|---|---|---|---|
| 001 | 0270771 | ||
| 005 | 20240502074240.1 | ||
| 041 | 0 | |a eng | |
| 044 | |a SK | ||
| 245 | 1 | 0 | |a Analýza flexibility účtovného obdobia v Slovenskej republike za obdobie 2011-2018 |c Zuzana Kubaščíková, Zuzana Juhászová, Miloš Tumpach |
| 500 | |a abstrakt | ||
| 610 | 2 | 0 | |a obdobie účtovné |
| 610 | 2 | 0 | |a flexibilita |
| 610 | 2 | 0 | |a analýzy |
| 610 | 2 | 0 | |a jednotka účtovná |
| 100 | 1 | |a Kubaščíková, Zuzana, 1982- | |
| 700 | 1 | |a Juhászová, Zuzana, 1970- | |
| 700 | 1 | |a Tumpach, Miloš, 1970- | |